Statistics for Football Leagues 2019/20

Click here to take the quiz!

General Stats

  • This quiz has been taken 74 times
  • The average score is 218 of 256

Answer Stats

QuestionTileSelect% Correct
Aston VillaAmerican Major League SoccerNo
99%
Aston VillaBrazilian Serie ANo
99%
Aston VillaDutch EredivisieNo
99%
Aston VillaFrench Ligue 1No
99%
Aston VillaGerman 2.BundesligaNo
99%
Aston VillaGerman BundesligaNo
99%
Aston VillaPortuguese Premeira LigaNo
99%
Aston VillaRussian Premier LeagueNo
99%
Aston VillaSpanish La LigaNo
99%
Aston VillaSwedish AllsvenskanNo
99%
Aston VillaUkrainian Premier LeagueNo
99%
Aston VillaItalian Serie ANo
97%
Aston VillaTurkish Super LigNo
97%
Aston VillaEnglish League OneNo
96%
RCD MallorcaAmerican Major League SoccerNo
94%
RCD MallorcaBrazilian Serie ANo
94%
RCD MallorcaDutch EredivisieNo
94%
RCD MallorcaEnglish EFL ChampionshipNo
94%
RCD MallorcaEnglish League OneNo
94%
RCD MallorcaEnglish Premier LeagueNo
94%
RCD MallorcaFrench Ligue 1No
94%
RCD MallorcaGerman 2.BundesligaNo
94%
RCD MallorcaGerman BundesligaNo
94%
RCD MallorcaRussian Premier LeagueNo
94%
RCD MallorcaSwedish AllsvenskanNo
94%
RCD MallorcaUkrainian Premier LeagueNo
94%
AtalantaAmerican Major League SoccerNo
93%
AtlantaBrazilian Serie ANo
93%
AtalantaBrazilian Serie ANo
93%
AtalantaDutch EredivisieNo
93%
AtlantaDutch EredivisieNo
93%
AtalantaEnglish EFL ChampionshipNo
93%
AtlantaEnglish EFL ChampionshipNo
93%
AtalantaEnglish League OneNo
93%
AtlantaEnglish League OneNo
93%
AtalantaEnglish Premier LeagueNo
93%
AtlantaEnglish Premier LeagueNo
93%
AtalantaFrench Ligue 1No
93%
AtlantaFrench Ligue 1No
93%
AtlantaGerman 2.BundesligaNo
93%
AtalantaGerman 2.BundesligaNo
93%
AtalantaGerman BundesligaNo
93%
AtlantaGerman BundesligaNo
93%
RCD MallorcaItalian Serie ANo
93%
AtlantaPortuguese Premeira LigaNo
93%
AtalantaPortuguese Premeira LigaNo
93%
AtlantaRussian Premier LeagueNo
93%
AtalantaRussian Premier LeagueNo
93%
AtlantaSpanish La LigaNo
93%
AtalantaSwedish AllsvenskanNo
93%
AtlantaSwedish AllsvenskanNo
93%
RCD MallorcaTurkish Super LigNo
93%
AtlantaTurkish Super LigNo
93%
AtalantaUkrainian Premier LeagueNo
93%
AtlantaUkrainian Premier LeagueNo
93%
Aston VillaEnglish EFL ChampionshipNo
91%
Aston VillaEnglish Premier LeagueYes
91%
RCD MallorcaPortuguese Premeira LigaNo
91%
RCD MallorcaSpanish La LigaYes
91%
AtalantaTurkish Super LigNo
91%
Fortuna DussledorfAmerican Major League SoccerNo
90%
Fortuna DussledorfBrazilian Serie ANo
90%
Fortuna DussledorfDutch EredivisieNo
90%
Fortuna DussledorfEnglish EFL ChampionshipNo
90%
Fortuna DussledorfEnglish League OneNo
90%
Fortuna DussledorfEnglish Premier LeagueNo
90%
Fortuna DussledorfItalian Serie ANo
90%
Fortuna DussledorfPortuguese Premeira LigaNo
90%
Fortuna DussledorfRussian Premier LeagueNo
90%
AtalantaSpanish La LigaNo
90%
Fortuna DussledorfSpanish La LigaNo
90%
Fortuna DussledorfSwedish AllsvenskanNo
90%
Fortuna DussledorfTurkish Super LigNo
90%
Fortuna DussledorfUkrainian Premier LeagueNo
90%
NurnbergAmerican Major League SoccerNo
88%
Luton TownAmerican Major League SoccerNo
88%
Luton TownBrazilian Serie ANo
88%
NurnbergBrazilian Serie ANo
88%
Luton TownDutch EredivisieNo
88%
NurnbergEnglish EFL ChampionshipNo
88%
NurnbergEnglish League OneNo
88%
Luton TownEnglish Premier LeagueNo
88%
NurnbergEnglish Premier LeagueNo
88%
Fortuna DussledorfFrench Ligue 1No
88%
Luton TownFrench Ligue 1No
88%
NurnbergFrench Ligue 1No
88%
Luton TownGerman 2.BundesligaNo
88%
Luton TownGerman BundesligaNo
88%
Luton TownItalian Serie ANo
88%
NurnbergItalian Serie ANo
88%
Luton TownPortuguese Premeira LigaNo
88%
NurnbergRussian Premier LeagueNo
88%
NurnbergSpanish La LigaNo
88%
Luton TownSpanish La LigaNo
88%
Luton TownSwedish AllsvenskanNo
88%
NurnbergTurkish Super LigNo
88%
Luton TownTurkish Super LigNo
88%
NurnbergUkrainian Premier LeagueNo
88%
Luton TownUkrainian Premier LeagueNo
88%
OrenburgAmerican Major League SoccerNo
87%
AmiensAmerican Major League SoccerNo
87%
OrenburgBrazilian Serie ANo
87%
NurnbergDutch EredivisieNo
87%
AmiensEnglish EFL ChampionshipNo
87%
OrenburgEnglish EFL ChampionshipNo
87%
OrenburgEnglish League OneNo
87%
AmiensEnglish League OneNo
87%
OrenburgEnglish Premier LeagueNo
87%
AmiensEnglish Premier LeagueNo
87%
AmiensGerman BundesligaNo
87%
AtalantaItalian Serie AYes
87%
AmiensItalian Serie ANo
87%
OrenburgPortuguese Premeira LigaNo
87%
NurnbergPortuguese Premeira LigaNo
87%
Luton TownRussian Premier LeagueNo
87%
AmiensSpanish La LigaNo
87%
OrenburgSpanish La LigaNo
87%
NurnbergSwedish AllsvenskanNo
87%
AmiensUkrainian Premier LeagueNo
87%
RochdaleAmerican Major League SoccerNo
85%
FlamengoAmerican Major League SoccerNo
85%
Pacos de FerreiraAmerican Major League SoccerNo
85%
Yeni MalatyasporAmerican Major League SoccerNo
85%
AmiensBrazilian Serie ANo
85%
FlamengoDutch EredivisieNo
85%
Yeni MalatyasporDutch EredivisieNo
85%
AmiensDutch EredivisieNo
85%
Pacos de FerreiraDutch EredivisieNo
85%
Yeni MalatyasporEnglish EFL ChampionshipNo
85%
Pacos de FerreiraEnglish EFL ChampionshipNo
85%
FlamengoEnglish EFL ChampionshipNo
85%
Yeni MalatyasporEnglish League OneNo
85%
Pacos de FerreiraEnglish League OneNo
85%
FlamengoEnglish League OneNo
85%
Pacos de FerreiraEnglish Premier LeagueNo
85%
Yeni MalatyasporEnglish Premier LeagueNo
85%
FlamengoEnglish Premier LeagueNo
85%
RochdaleEnglish Premier LeagueNo
85%
FlamengoFrench Ligue 1No
85%
OrenburgFrench Ligue 1No
85%
Yeni MalatyasporFrench Ligue 1No
85%
Pacos de FerreiraFrench Ligue 1No
85%
RochdaleFrench Ligue 1No
85%
AmiensGerman 2.BundesligaNo
85%
Pacos de FerreiraGerman 2.BundesligaNo
85%
FlamengoGerman 2.BundesligaNo
85%
Yeni MalatyasporGerman 2.BundesligaNo
85%
FlamengoGerman BundesligaNo
85%
Pacos de FerreiraGerman BundesligaNo
85%
Yeni MalatyasporGerman BundesligaNo
85%
RochdaleItalian Serie ANo
85%
OrenburgItalian Serie ANo
85%
FlamengoItalian Serie ANo
85%
Yeni MalatyasporItalian Serie ANo
85%
AmiensPortuguese Premeira LigaNo
85%
RochdalePortuguese Premeira LigaNo
85%
Yeni MalatyasporPortuguese Premeira LigaNo
85%
FlamengoPortuguese Premeira LigaNo
85%
Pacos de FerreiraRussian Premier LeagueNo
85%
FlamengoRussian Premier LeagueNo
85%
AmiensRussian Premier LeagueNo
85%
FlamengoSpanish La LigaNo
85%
Yeni MalatyasporSpanish La LigaNo
85%
RochdaleSpanish La LigaNo
85%
RochdaleSwedish AllsvenskanNo
85%
Yeni MalatyasporSwedish AllsvenskanNo
85%
Pacos de FerreiraSwedish AllsvenskanNo
85%
FlamengoSwedish AllsvenskanNo
85%
AmiensSwedish AllsvenskanNo
85%
FlamengoTurkish Super LigNo
85%
OrenburgTurkish Super LigNo
85%
Pacos de FerreiraTurkish Super LigNo
85%
RochdaleTurkish Super LigNo
85%
Pacos de FerreiraUkrainian Premier LeagueNo
85%
OrenburgUkrainian Premier LeagueNo
85%
FlamengoUkrainian Premier LeagueNo
85%
FC OlexandriaAmerican Major League SoccerNo
84%
IF ElfsborgAmerican Major League SoccerNo
84%
RKC WaalwijkAmerican Major League SoccerNo
84%
FC OlexandriaBrazilian Serie ANo
84%
IF ElfsborgBrazilian Serie ANo
84%
RochdaleBrazilian Serie ANo
84%
RKC WaalwijkBrazilian Serie ANo
84%
RochdaleDutch EredivisieNo
84%
IF ElfsborgEnglish EFL ChampionshipNo
84%
RKC WaalwijkEnglish EFL ChampionshipNo
84%
FC OlexandriaEnglish EFL ChampionshipNo
84%
FC OlexandriaEnglish League OneNo
84%
RKC WaalwijkEnglish League OneNo
84%
IF ElfsborgEnglish League OneNo
84%
IF ElfsborgEnglish Premier LeagueNo
84%
RKC WaalwijkEnglish Premier LeagueNo
84%
FC OlexandriaEnglish Premier LeagueNo
84%
IF ElfsborgFrench Ligue 1No
84%
FC OlexandriaFrench Ligue 1No
84%
RKC WaalwijkFrench Ligue 1No
84%
RochdaleGerman 2.BundesligaNo
84%
FC OlexandriaGerman 2.BundesligaNo
84%
RKC WaalwijkGerman BundesligaNo
84%
OrenburgGerman BundesligaNo
84%
RochdaleGerman BundesligaNo
84%
FC OlexandriaItalian Serie ANo
84%
RKC WaalwijkItalian Serie ANo
84%
Pacos de FerreiraItalian Serie ANo
84%
IF ElfsborgItalian Serie ANo
84%
IF ElfsborgPortuguese Premeira LigaNo
84%
RochdaleRussian Premier LeagueNo
84%
IF ElfsborgRussian Premier LeagueNo
84%
FC OlexandriaSpanish La LigaNo
84%
IF ElfsborgSpanish La LigaNo
84%
Pacos de FerreiraSpanish La LigaNo
84%
RKC WaalwijkSpanish La LigaNo
84%
IF ElfsborgTurkish Super LigNo
84%
AmiensTurkish Super LigNo
84%
RochdaleUkrainian Premier LeagueNo
84%
IF ElfsborgUkrainian Premier LeagueNo
84%
Yeni MalatyasporBrazilian Serie ANo
82%
IF ElfsborgGerman 2.BundesligaNo
82%
FC OlexandriaGerman BundesligaNo
82%
IF ElfsborgGerman BundesligaNo
82%
RKC WaalwijkPortuguese Premeira LigaNo
82%
Yeni MalatyasporRussian Premier LeagueNo
82%
OrenburgDutch EredivisieNo
81%
RKC WaalwijkGerman 2.BundesligaNo
81%
FC OlexandriaSwedish AllsvenskanNo
81%
RKC WaalwijkTurkish Super LigNo
81%
FlamengoBrazilian Serie AYes
79%
RKC WaalwijkRussian Premier LeagueNo
79%
Yeni MalatyasporUkrainian Premier LeagueNo
79%
RKC WaalwijkUkrainian Premier LeagueNo
79%
FC OlexandriaDutch EredivisieNo
78%
AtlantaItalian Serie ANo
78%
FC OlexandriaPortuguese Premeira LigaNo
78%
FC OlexandriaTurkish Super LigNo
78%
AtlantaAmerican Major League SoccerYes
76%
IF ElfsborgDutch EredivisieNo
76%
RochdaleEnglish EFL ChampionshipNo
75%
AmiensFrench Ligue 1Yes
72%
RKC WaalwijkSwedish AllsvenskanNo
72%
IF ElfsborgSwedish AllsvenskanYes
69%
Yeni MalatyasporTurkish Super LigYes
69%
Pacos de FerreiraBrazilian Serie ANo
66%
NurnbergGerman BundesligaNo
66%
FC OlexandriaRussian Premier LeagueNo
66%
OrenburgSwedish AllsvenskanNo
66%
RochdaleEnglish League OneYes
65%
Pacos de FerreiraPortuguese Premeira LigaYes
59%
RKC WaalwijkDutch EredivisieYes
56%
OrenburgGerman 2.BundesligaNo
56%
NurnbergGerman 2.BundesligaYes
56%
Luton TownEnglish League OneNo
51%
Fortuna DussledorfGerman 2.BundesligaNo
51%
Fortuna DussledorfGerman BundesligaYes
50%
Luton TownEnglish EFL ChampionshipYes
49%
FC OlexandriaUkrainian Premier LeagueYes
41%
OrenburgRussian Premier LeagueYes
16%

Score Distribution

Percentile by Number Answered

Percent of People with Each Score

Your Score History

You have not taken this quiz